History Quiz

Random History or Nation Quiz

Roman Enemies Quiz Stats

 Plays Quiz Updated Apr 10, 2014

Also try: Roman Gods
Challenge
Share
Tweet
Embed
Score 0/15 Timer 06:00
2 Plays Today
Description Enemy % Correct
I was a Carthaginian general that nearly brought Rome to its knees during the Second Punic War.Hannibal Barca
91.3%
I was the final Egyptian pharaoh, and committed suicide with my Roman lover in 30 BC.Cleopatra VII of Egypt
85.5%
I was a Thracian slave who led a revolt against Rome in the 1st century BC.Spartacus
66.4%
I was a Hunnic emperor that imposed a ransom of half the Western Roman Empire from Valentinian III in order to prevent my invasion.Attila the Hun
56.5%
I was a Brittonic queen who began an uprising against the Roman occupation of Britain in AD 60.Boudica
41.8%
I was king of Macedon, and fought two wars with Rome from 215-197 BC.Philip V of Macedon
35.7%
I was a Gallic chieftain who was defeated by Caesar at the Battle of Alesia in 52 BC.Vercingetorix
34.7%
I was a Hellenistic king that invaded Italy and scored some costly victories in the 3rd century BC.Pyrrhus of Epirus
27.1%
Description Enemy % Correct
I was a Visigothic king who sacked Rome for the first time in several centuries in AD 410.Alaric I
22.2%
I was king of Pontus in Asia Minor, and fought several wars with Rome in the 1st century BC.Mithridates VI of Pontus
17.2%
I was a Germanic chieftain who defeated the Romans at the Battle of the Teutoburg Forest in AD 9.Arminius
16.1%
I was a Germanic general who deposed the final Western Roman emperor in AD 476, becoming the first non-Roman king of Italy.Odoacer
14.5%
I was king of the Seleucid Empire, and fought an unsuccessful war against Rome that would lead to the crumbling of my empire.Antiochus III the Great
9.5%
I was a Jewish leader that led a revolt against the Romans in Judaea in AD 132.Simon bar Kokhba
7.6%
I was king of the Sassanid Empire, and captured the Roman Emperor Valerian in AD 260.Shapur I the Great
6.7%

You're not logged in!

Compare scores with friends on all Sporcle quizzes.
Join for Free
OR
Log In

You Might Also Like...

Show Comments

Extras

Top Quizzes Today


Score Distribution

Your Account Isn't Verified!

In order to create a playlist on Sporcle, you need to verify the email address you used during registration. Go to your Sporcle Settings to finish the process.

Report this User

Report this user for behavior that violates our Community Guidelines.

Details: